00729nam a22002297a 450000500170000001000130001702000220003003500130005203700160006504000120008108200180009324501230011126000410023427000590027530000200033450000190035465000300037365000350040370000220043870000200046070000190048020170124110051.0 aA-936289 c00.00a0195644557 aA-936289 bCen Lib/Ret aDPLbEN a613.0424bWOM aWomen's healthin India :cedited by Monika Das Gupta ; Lincoln C. Chen [and] T. N. Krishnanbrisk and vulnerability / aDelhibOxford University Pressc1998 aYMCA library bBuilding Jai Singh Road b Delhie110001 a320p.c20cm(Hb) aIncludes index aWomen--Health and hygiene aWomen's health serviceszIndia aGupta, Monika Das aChen, Lincoln C aKrishnan, T.N.